Beloved. A novel.
محفوظ في:
| المؤلف الرئيسي: | |
|---|---|
| التنسيق: | غير معروف |
| منشور في: |
New York, USA:
Vintage International,
2004.
|
| الطبعة: | First Vintage International Edition. |
| سلاسل: | Fiction / Literature
|
| الموضوعات: | |
| الوسوم: |
إضافة وسم
لا توجد وسوم, كن أول من يضع وسما على هذه التسجيلة!
|
MARC
| LEADER | 00000 a2200000 4500 | ||
|---|---|---|---|
| 003 | CL-VaPUC | ||
| 005 | 20230616085202.0 | ||
| 008 | 230609t2004 ||||| |||| 00| 0 eng d | ||
| 999 | |c 441141 |d 441139 | ||
| 020 | |a 978-1-4000-3341-6 | ||
| 040 | |c Pontificia Universidad Católica de Valparaíso | ||
| 082 | 7 | |a 813 MOR 2004 |2 22 | |
| 100 | |a Morrison, Toni, |9 868864 |d 1931-2019 |e author | ||
| 245 | |a Beloved. |b A novel. | ||
| 250 | |a First Vintage International Edition. | ||
| 260 | |a New York, USA: |b Vintage International, |c 2004. | ||
| 300 | |a 321 páginas. | ||
| 490 | |a Fiction / Literature | ||
| 583 | |k GC |c 20230609 | ||
| 650 | 0 | |a Novelas estadounidenses |9 265217 |x Mujeres esclavas | |
| 650 | 0 | |a Novelas estadounidenses |9 265217 |x Mujeres afroamericanas | |
| 942 | |2 ddc |c BK | ||
| 952 | |0 0 |1 0 |2 ddc |4 0 |6 813_000000000000000_MOR_2004 |7 0 |8 A |9 590478 |a BIBEDU |b BIBEDU |c GEN |d 2023-06-09 |e 13 |g 18802.00 |i 5657803 |l 1 |o 813 MOR 2004 |p 5657803 |r 2024-11-18 |s 2024-11-08 |t 14 |v 18802.00 |w 2023-06-09 |y BK |k LIT | ||
| 952 | |0 0 |1 0 |2 ddc |4 0 |6 813_000000000000000_MOR_2004 |7 0 |8 A |9 590479 |a BIBEDU |b BIBEDU |c GEN |d 2023-06-09 |e 13 |g 18802.00 |i 5657801 |l 1 |o 813 MOR 2004 |p 5657801 |r 2023-11-14 |s 2023-11-07 |t 12 |v 18802.00 |w 2023-06-09 |y BK |k LIT | ||
| 952 | |0 0 |1 0 |2 ddc |4 0 |6 813_000000000000000_MOR_2004 |7 0 |8 A |9 590480 |a BIBEDU |b BIBEDU |c GEN |d 2023-06-09 |e 13 |g 18802.00 |i 5657802 |o 813 MOR 2004 |p 5657802 |r 2023-06-09 |t 13 |v 18802.00 |w 2023-06-09 |y BK |k LIT | ||
| 952 | |0 0 |1 0 |2 ddc |4 0 |6 813_000000000000000_MOR_2004 |7 0 |8 A |9 590481 |a BIBEDU |b BIBEDU |c GEN |d 2023-06-09 |e 13 |g 18802.00 |i 5657804 |l 2 |m 2 |o 813 MOR 2004 |p 5657804 |r 2024-11-18 |s 2024-11-08 |t 15 |v 18802.00 |w 2023-06-09 |y BK |k LIT | ||
| 952 | |0 0 |1 0 |2 ddc |4 0 |6 813_000000000000000_MOR_2004 |7 0 |8 A |9 590482 |a BIBEDU |b BIBEDU |c GEN |d 2023-06-09 |e 13 |g 18802.00 |i 5657800 |l 1 |m 1 |o 813 MOR 2004 |p 5657800 |r 2023-11-16 |s 2023-11-06 |t 11 |v 18802.00 |w 2023-06-09 |y BK |k LIT | ||
| 952 | |0 0 |1 0 |2 ddc |4 0 |6 813_000000000000000_MOR_2004 |7 0 |8 A |9 590483 |a BIBEDU |b BIBEDU |c GEN |d 2023-06-09 |e 13 |g 18802.00 |i 5657793 |l 1 |o 813 MOR 2004 |p 5657793 |r 2023-11-24 |s 2023-11-16 |t 4 |v 18802.00 |w 2023-06-09 |y BK |k LIT | ||
| 952 | |0 0 |1 0 |2 ddc |4 0 |6 813_000000000000000_MOR_2004 |7 0 |8 A |9 590484 |a BIBEDU |b BIBEDU |c GEN |d 2023-06-09 |e 13 |g 18802.00 |i 5657791 |l 3 |m 2 |o 813 MOR 2004 |p 5657791 |r 2024-10-07 |s 2024-09-30 |t 2 |v 18802.00 |w 2023-06-09 |y BK |k LIT | ||
| 952 | |0 0 |1 0 |2 ddc |4 0 |6 813_000000000000000_MOR_2004 |7 0 |8 A |9 590485 |a BIBEDU |b BIBEDU |c GEN |d 2023-06-09 |e 13 |g 18802.00 |i 5657797 |l 2 |m 1 |o 813 MOR 2004 |p 5657797 |r 2023-11-17 |s 2023-11-06 |t 8 |v 18802.00 |w 2023-06-09 |y BK |k LIT | ||
| 952 | |0 0 |1 0 |2 ddc |4 0 |6 813_000000000000000_MOR_2004 |7 0 |8 A |9 590486 |a BIBEDU |b BIBEDU |c GEN |d 2023-06-09 |e 13 |g 18802.00 |i 5657790 |l 4 |m 3 |o 813 MOR 2004 |p 5657790 |r 2025-04-29 |s 2025-04-15 |t 1 |v 18802.00 |w 2023-06-09 |y BK |k LIT | ||
| 952 | |0 0 |1 0 |2 ddc |4 0 |6 813_000000000000000_MOR_2004 |7 0 |8 A |9 590487 |a BIBEDU |b BIBEDU |c GEN |d 2023-06-09 |e 13 |g 18802.00 |i 5657792 |l 1 |o 813 MOR 2004 |p 5657792 |r 2023-11-13 |s 2023-11-06 |t 3 |v 18802.00 |w 2023-06-09 |y BK |k LIT | ||
| 952 | |0 0 |1 0 |2 ddc |4 0 |6 813_000000000000000_MOR_2004 |7 0 |8 A |9 590488 |a BIBEDU |b BIBEDU |c GEN |d 2023-06-09 |e 13 |g 18802.00 |i 5657796 |l 1 |o 813 MOR 2004 |p 5657796 |r 2023-11-15 |s 2023-11-08 |t 7 |v 18802.00 |w 2023-06-09 |y BK |k LIT | ||
| 952 | |0 0 |1 0 |2 ddc |4 0 |6 813_000000000000000_MOR_2004 |7 0 |8 A |9 590489 |a BIBEDU |b BIBEDU |c GEN |d 2023-06-09 |e 13 |g 18802.00 |i 5657799 |l 1 |m 1 |o 813 MOR 2004 |p 5657799 |r 2023-11-21 |s 2023-11-07 |t 10 |v 18802.00 |w 2023-06-09 |y BK |k LIT | ||
| 952 | |0 0 |1 0 |2 ddc |4 0 |6 813_000000000000000_MOR_2004 |7 0 |8 A |9 590490 |a BIBEDU |b BIBEDU |c GEN |d 2023-06-09 |e 13 |g 18802.00 |i 5657794 |o 813 MOR 2004 |p 5657794 |r 2023-06-09 |t 5 |v 18802.00 |w 2023-06-09 |y BK |k LIT | ||
| 952 | |0 0 |1 0 |2 ddc |4 0 |6 813_000000000000000_MOR_2004 |7 0 |8 A |9 590491 |a BIBEDU |b BIBEDU |c GEN |d 2023-06-09 |e 13 |g 18802.00 |i 5657798 |l 1 |o 813 MOR 2004 |p 5657798 |r 2023-11-15 |s 2023-11-08 |t 9 |v 18802.00 |w 2023-06-09 |y BK |k LIT | ||
| 952 | |0 0 |1 0 |2 ddc |4 0 |6 813_000000000000000_MOR_2004 |7 0 |8 A |9 590492 |a BIBEDU |b BIBEDU |c GEN |d 2023-06-09 |e 13 |g 18802.00 |i 5657795 |l 1 |o 813 MOR 2004 |p 5657795 |r 2023-11-13 |s 2023-11-06 |t 6 |v 18802.00 |w 2023-06-09 |y BK |k LIT | ||